000 00753nam a2200205 i 4500
001 93466
003 ES-MaACL
005 20250831121728.0
007 t|
008 050527s1885 sp ||||1| spa d
110 2 _aAsociación para la Reforma de los Aranceles de Aduanas
_91779
245 1 0 _aMeeting celebrado en el Teatro Real el día 8 de marzo de 1885
_b: tema: El tratado de comercio con Inglaterra.
260 _aMadrid :
_b[s.n.],
_c1885 (
_fImp. de E. de la Riva)
300 _a61 p. ;
_c22 cm.
500 _aPrecede al tit.: Asociación para la Reforma de los Aranceles de Aduanas.
650 7 _aAranceles de aduanas
_2embne
_9135594
852 _aES-MaACL
_jT-463-F-6
852 _aES-MaACL
_jT-464-F-1
999 _c93466
_d93466